Optimización y síntesis de procesos /
La síntesis de nuevos esquemas de producción y la optimización estructural y operativa de los ya existentes constituyen una de las áreas más importantes dentro del diseño de procesos químicos. Debido a la naturaleza combinatoria de estos problemas, su tratamiento mediante la aplicación de métodos al...
Guardado en:
| Autor Principal: | |
|---|---|
| Otros Autores: | , |
| Formato: | Libro |
| Idioma: | Spanish |
| Publicado: |
1993.
|
| Materias: | |
| Etiquetas: |
Agregar Etiqueta
Sin Etiquetas, Sea el primero en etiquetar este registro!
|
| LEADER | 02638nam a22002535a 4500 | ||
|---|---|---|---|
| 001 | EUN.eunm006992 | ||
| 008 | 041125s1993####ag#a#####bm###000#0#spa#d | ||
| 005 | 20200627140115.0 | ||
| 245 | 1 | 0 | |a Optimización y síntesis de procesos / |c María Soledad Díaz ; director: Esteban A. Brignole ; co-director: Alberto Bandoni. |
| 260 | |c 1993. | ||
| 300 | |a xiv, 197 h. : |b il. ; |c 30 cm. | ||
| 500 | |a "Tesis presentada como parte de los requisitos de la Universidad Nacional del Sur para la obtención del grado de Doctorado en Ingeniería Química". | ||
| 502 | |a Tesis(doctoral)--Universidad Nacional del Sur, Departamento de Química e Ingeniería Química, 1993. | ||
| 504 | |a Incluye referencias bibliográficas. | ||
| 520 | |a La síntesis de nuevos esquemas de producción y la optimización estructural y operativa de los ya existentes constituyen una de las áreas más importantes dentro del diseño de procesos químicos. Debido a la naturaleza combinatoria de estos problemas, su tratamiento mediante la aplicación de métodos algorítmicos ha adquirido gran relevancia unido al rápido avance de los computadoras en los últimos años. En el presente trabajo, se ha enfocado el problema de síntesis y de optimización estructural y operativa de procesos con técnicas de programación matemática. En la etapa inicial, se ha desarrollado un programa que implementa un algoritmo de programación no lineal mixto entera que permite la integración con simuladores de procesos. Este algoritmo se ha verificado con diversos problemas extraídos de bibliografía. En la segunda etapa del trabajo, se ha llevado a cabo la optimización estructural y operativa de una planta real de etileno para determinar, en forma simultánea, la política óptima de operación, la configuración óptima del sector de potencia de la planta y los beneficios netos correspondientes. Este trabajo se ha efectuado mediante la integración con un simulador semi-riguroso de la planta. También se ha integrado el programa de optimización a un simulador reducido de la misma planta para poder describir, en forma sencilla laas modificaciones que deben efectuarse en la rutina de simulación para englobar las distintas configuraciones posibles del sector de servicios de la planta. | ||
| 100 | 1 | |a Díaz, María Soledad. |4 aut | |
| 700 | 1 | |a Brignole, Esteban A. |q (Esteban Alberto) |4 ths | |
| 700 | 1 | |a Bandoni, José Alberto. |4 ths | |
| 082 | 0 | 4 | |a 040 |2 15 |
| 082 | 0 | 4 | |a 660.28 |2 15 |
| 650 | 7 | |a Ingeniería Química. |2 unbist | |
| 653 | |a Procesos químicos | ||
| 653 | |a Síntesis (Química) | ||
| 859 | |a AR-BaUNS |b BIB. CENTRAL - Tesis |h 040 |i B148 1993-246 |k R |p 103260/993 | ||
